| 000 | 00816nam a22002297a 4500 | ||
|---|---|---|---|
| 005 | 20180319152010.0 | ||
| 010 | _a1718EN-30 | ||
| 020 |
_a9789339220907 _c650.00 |
||
| 020 |
_a9339220900 _c650.00 |
||
| 035 | _aB-683588-591 | ||
| 037 |
_bBSB _adpl |
||
| 082 | _a535 | ||
| 100 | _aGhatak, Ajoy | ||
| 245 |
_aOptics / _cby Ajoy Ghatak |
||
| 250 | _a6th ed | ||
| 260 |
_aChennai _bMcGraw Hill Education _c2017 |
||
| 270 |
_a444/1, Sri Ekambara Naicker Industrial Estate, Alapakkam, Porur, _bChennai _e600116 |
||
| 300 |
_avarious pagings _c28cm(pbk) |
||
| 500 | _aIncludes index | ||
| 942 |
_2ddc _cEN _mGHA _h535 |
||
| 999 |
_c144772 _d144772 |
||